[Event "Moravia-Silesia Region-chT 0708"]
[Site "Czech Republic"]
[Date "2008.02.24"]
[Round "8.5"]
[White "Lepik, Jaroslav"]
[Black "Zak, Jaroslav"]
[Result "1-0"]
[WhiteElo "2049"]
[BlackElo "1796"]
[PlyCount "101"]
[EventDate "2007.10.28"]
[EventType "team-tourn"]
[EventRounds "11"]
[EventCountry "CZE"]
[SourceTitle "EXT 2024"]
[Source "ChessBase"]
[SourceDate "2023.10.10"]
[SourceVersion "1"]
[SourceVersionDate "2023.10.10"]
[SourceQuality "1"]

1. d4 d5 2. Nf3 Nf6 3. e3 e6 4. Bd3 c5 5. b3 cxd4 6. exd4 Bd6 7. 0-0 0-0 8. Bg5 Nbd7 9. c4 dxc4 10. bxc4 b6 11. Nbd2 Qc7 12. Bh4 Bb7 13. Bg3 Rac8 14. Rc1 Rfe8 15. Re1 Nh5 16. Bxd6 Qxd6 17. Ne5 g6 18. Be4 Bxe4 19. Nxe4 Qe7 20. Nxd7 Qxd7 21. Qxh5 gxh5 22. Nf6+ Kg7 23. Nxd7 Red8 24. Ne5 Rxd4 25. Red1 Re4 26. Nf3 Rexc4 27. Rxc4 Rxc4 28. Kf1 Ra4 29. Rd2 f6 30. Ke2 e5 31. Kd1 Kg6 32. Kc1 h4 33. h3 b5 34. Kb2 a5 35. Rd6 Rb4+ 36. Ka1 Kf5 37. Rd2 Rc4 38. a3 b4 39. Kb2 bxa3+ 40. Kxa3 Ke6 41. Kb3 Rf4 42. Ne1 Rb4+ 43. Kc3 Ra4 44. Nd3 Rd4 45. Ra2 Rd5 46. Ra4 Rd4 47. Rxa5 Kf5 48. Ra7 Kg6 49. Rb7 h5 50. Rb4 Rxb4 51. Nxb4 1-0

[Event "Moravia-Silesia Region-chT 0708"]
[Site "Czech Republic"]
[Date "2007.11.25"]
[Round "3.6"]
[White "Zak, Jaroslav"]
[Black "Blecha, Zdenek"]
[Result "1/2-1/2"]
[WhiteElo "1796"]
[BlackElo "1961"]
[PlyCount "39"]
[EventDate "2007.10.28"]
[EventType "team-tourn"]
[EventRounds "11"]
[EventCountry "CZE"]
[SourceTitle "EXT 2024"]
[Source "ChessBase"]
[SourceDate "2023.10.10"]
[SourceVersion "1"]
[SourceVersionDate "2023.10.10"]
[SourceQuality "1"]

1. c4 e5 2. Nc3 Nf6 3. g3 d5 4. cxd5 Nxd5 5. Bg2 Be6 6. d3 c6 7. Nf3 f6 8. 0-0 Bd6 9. e4 Ne7 10. d4 Nd7 11. b3 0-0 12. Qc2 Qc7 13. Bb2 Bg4 14. Ne2 Rac8 15. Rac1 Ng6 16. Ne1 Bxe2 17. Qxe2 exd4 18. Bxd4 Be5 19. Be3 Nb6 20. Nd3 1/2-1/2